Теория на литературата (Запис номер 45055)
[ съкратено ]
| 000 -Лидер | |
|---|---|
| Контролно поле с фиксирана дължина | 01458nam a2200337 c 4500 |
| 003 - Код на организацията, давaща контролен номер | |
| Контролно поле | BLK |
| 005 - Дата и час на последна редакция | |
| Контролно поле | 20210319092723.0 |
| 008 - Елементи от данни с фиксирана дължина | |
| fixed length control field | 180408b bul|||||r ||||||| ||bul|| |
| 010 ## - Наследен системен номер | |
| LC control number | KNG00048836000 |
| 020 ## - Международен стандартен номер на книга ISBN | |
| Международен стандартен номер на книга ISBN | 954-529-349-7 |
| -- | издат.: Колибри |
| 040 ## - Източник на каталожния запис | |
| Идентификатор на билиотеката - собственик на записа | BLK |
| 041 ## - Код за език | |
| Код за езика на текст/звукозапис или на отделно заглавие | Български |
| Код за езика КДБФ | Български |
| 080 ## - УДК | |
| Текстов определител УДК | Теория на литературата. Литературна техника |
| УДК код - определител по УДК | 82.01/.09 |
| УДК определител | |
| УДК - код + определител | 82.01/.09 |
| 100 1# - Редна дума - Автор | |
| Автор | Панчева, Евгения Спасова |
| Авторска отговорност | първи автор |
| Автор - информация (биография) | Начева-Панчева, Евгения Спасова |
| R(LIN) | 279907 |
| 139 ## - Редно поле | |
| Редна дума | Панчева, Евгения и др. |
| Авторски знак | Панч - П 20 |
| 245 10 - Сведения за заглавието | |
| Заглавие | Теория на литературата |
| Подзаглавни данни | От Платон до постмодернизма |
| Редно поле (дума) | Евгения Спасова Панчева; съавт. Амелия Личева; съавт. Миряна Янакиева. |
| 257 ## - Страна на издаване | |
| Страна на създаване/издаване | България |
| 260 ## - Област на издателските данни | |
| -- | София |
| Име на издателя, разпространителя и проч. | Колибри |
| Година на издаване | 2005 |
| Печатница | София : Симолини |
| 300 ## - Физическа характеристика | |
| Страници | 527 с. |
| Размери/Мащаб | 24 см |
| 380 ## - Жанр | |
| Жанр | Литературознание |
| 500 ## - Общи забележки | |
| Забележка | Библиогр. след отд. гл. |
| 650 #4 - Допълнително описание по предмет – тема | |
| Основно описание – тема или топоним | Литература - теория |
| 9 (RLIN) | 244546 |
| 653 ## - Ключова дума – ненормативна | |
| Ключова дума | литературна теория |
| 700 1# - Други автори (авторска отговорност) | |
| Лично име | Личева, Амелия |
| Автороска отговорност (Описва отношението между автора и произведението) | съавт. |
| 9 (RLIN) | 279908 |
| 700 1# - Други автори (авторска отговорност) | |
| Лично име | Янакиева, Миряна |
| Автороска отговорност (Описва отношението между автора и произведението) | съавт. |
| 9 (RLIN) | 279909 |
| 852 ## - Местоположение | |
| Форматна сигнатура | Цб 222862 |
| 856 4# - Електронен адрес и достъп | |
| Електронен формат | pdf - файл |
| Път до файла /url/ | |
| 856 4# - Електронен адрес и достъп | |
| Електронен формат | pdf - файл |
| Път до файла /url/ | |
| 942 ## - АРТИКУЛИ | |
| Вид на библиотечния материал | Книги |
| Скрит в OPAC | Не |
| Koha issues (borrowed), all copies | 6 |
| 944 ## - СЪЗДАВАНЕ И РЕДАКЦИЯ на ЗАПИСА | |
| Създаване/Редакция | Създаване |
| Дата на регистрацията/редакция | 18.03.2005 |
| Служител, извършил регистрацията/редакцията | Людмила_Стоянова |
| 944 ## - СЪЗДАВАНЕ И РЕДАКЦИЯ на ЗАПИСА | |
| Създаване/Редакция | Редакция |
| Дата на регистрацията/редакция | 18.03.2009 |
| Служител, извършил регистрацията/редакцията | |
| 999 ## - СИСТЕМНИ КОНТРОЛНИ НОМЕРА | |
| Koha biblionumber | 45055 |
| Koha biblioitemnumber | 45055 |
| Код за отписване | Код за изгубен артикул | Източник на класификационната схема | Код за повреда | Коз за рестрикции | Код за отдаване | Артикулен № | Име на библиотеката - собственик | Име на библиотеката, в която се намира в момента | Статус (Текущо местоположение) | Дата на вписване в системата | Местоположение - отдел | Цена в лева | Инвентарен номер | Систематично азбучна сигнатура | Баркод | Номер на екземпляра | Цена в евро | Служебна бележка | Служебен тип на артикула |
|---|---|---|---|---|---|---|---|---|---|---|---|---|---|---|---|---|---|---|---|
| Не е изгубен | Universal Decimal Classification | Не е повреден | без рестрикции | заемане за дома | 70980 | Регионална библиотека "Любен Каравелов" Русе | Регионална библиотека "Любен Каравелов" Русе | Заемна - подръчен фонд | 2005-03-18 | Заемна - подръчен фонд | 15.00 | 120000692319 | 82.01/.09/П 20 | 120000692319 | 1 | 7.67 | Дост: Pk Вид: Ф N: 8901 Дата: 16.03.2005 Дата инв: 08.02.2018 Бележки инв: П2018 | Книги | |
| Не е изгубен | Не е повреден | без рестрикции | ползва се в читалня | 70981 | Регионална библиотека "Любен Каравелов" Русе | Регионална библиотека "Любен Каравелов" Русе | Читалня | 2005-03-18 | Читалня | 15.00 | 120000692320 | Ч 82.0/П 20 | 120000692320 | 2 | 7.67 | Дост: Pk Вид: Ф N: 8901 Дата: 16.03.2005 Дата инв: 27.03.2017 Бележки инв: Ч2017 | Книги | ||
| Не е изгубен | Не е повреден | без рестрикции | ползва се в читалня | 70982 | Регионална библиотека "Любен Каравелов" Русе | Регионална библиотека "Любен Каравелов" Русе | Хранилище | 2006-06-08 | Хранилище | 15.00 | 120000702875 | Цб 222862 | 120000702875 | 3 | 7.67 | Дост: Dp Вид: Д N: 22 Дата: 18.05.2005 | Книги | ||
| Изтеглен | Не е изгубен | Universal Decimal Classification | Не е повреден | без рестрикции | заемане за дома | 70983 | Регионална библиотека "Любен Каравелов" Русе | Регионална библиотека "Любен Каравелов" Русе | Заемна - подръчен фонд | 2009-03-17 | Заемна - подръчен фонд | 18.00 | 120000734258 | 82.01/.09/П 20 | 120000734258 | 4 | 9.20 | Дост: Pk Вид: Ф N: 301 Дата: 17.03.2009 | Книги |
| Не е изгубен | Universal Decimal Classification | Не е повреден | без рестрикции | заемане за дома | 70984 | Регионална библиотека "Любен Каравелов" Русе | Регионална библиотека "Любен Каравелов" Русе | Заемна - подръчен фонд | 2009-03-17 | Заемна - подръчен фонд | 18.00 | 120000734259 | 82.01/.09/П 20 | 120000734259 | 5 | 9.20 | Дост: Pk Вид: Ф N: 301 Дата: 17.03.2009 Дата инв: 08.02.2018 Бележки инв: П2018 | Книги |